Sustainable antioxidant for replacement of 6PPD in rubber compound (Record no. 75656)

MARC details
000 -LEADER
fixed length control field 00608nam a22001817a 4500
100 ## - MAIN ENTRY--AUTHOR NAME
Personal name Johnson, M.P.
245 ## - TITLE STATEMENT
Title Sustainable antioxidant for replacement of 6PPD in rubber compound
260 ## - PUBLICATION, DISTRIBUTION, ETC. (IMPRINT)
Name of publisher International Rubber Conference-Rubber Con 2024: Sustainable Development in Rubber Industry-Challenges and Opportunities, 5-7 December 2024, Indian Rubber Institute, Kochi, India, p. 104.
300 ## - PHYSICAL DESCRIPTION
Other physical details Abstract only
650 ## - SUBJECT ADDED ENTRY--TOPICAL TERM
Topical Term 6PPD
650 ## - SUBJECT ADDED ENTRY--TOPICAL TERM
Topical Term Tyre
650 ## - SUBJECT ADDED ENTRY--TOPICAL TERM
Topical Term Turmeric
650 ## - SUBJECT ADDED ENTRY--TOPICAL TERM
Topical Term Oleoresin
700 ## - ADDED ENTRY--PERSONAL NAME
Personal name Natchimuthu, N.
700 ## - ADDED ENTRY--PERSONAL NAME
Personal name Ramakrishnan, S.
942 ## - ADDED ENTRY ELEMENTS (KOHA)
Koha item type Journals
Holdings
Withdrawn status Lost status Damaged status Not for loan Home library Current library Date acquired Koha item type
        RRII Library RRII Library 24/09/2025 Journals